| 000 | 00000nam 2200000zi 4500 |
| 001 | 9.918916 |
| 003 | CaOODSP |
| 005 | 20230818074306 |
| 006 | m o d f |
| 007 | cr ||||||||||| |
| 008 | 230109t20232023quc o f00| 0 eng d |
| 020 | |a9780660469911 |
| 040 | |aCaOODSP|beng|erda|cCaOODSP |
| 043 | |an-cn--- |
| 086 | 1 |aCH4-204/2023E-PDF |
| 245 | 00|aWhat we heard report : |b2022 online safety roundtables. |
| 264 | 1|a[Gatineau, QC] : |bCanadian Heritage = Patrimoine canadien, |c[2023]. |
| 264 | 4|c©2023 |
| 300 | |a1 online resource (28 unnumbered pages) |
| 336 | |atext|btxt|2rdacontent |
| 337 | |acomputer|bc|2rdamedia |
| 338 | |aonline resource|bcr|2rdacarrier |
| 500 | |aIssued also in French under title: Ce que nous avons entendu : tables rondes sur la sécurité en ligne 2022. |
| 520 | |a"Between the months of July and November 2022, the Minister of Canadian Heritage and his representatives conducted 19 roundtable discussions on key elements of a legislative and regulatory framework on online safety. In total, 13 regional roundtables and 6 thematic roundtables on Antisemitism, Islamophobia, Anti-Black Racism, Anti-Asian Racism, Gender-Based Violence, and Big Tech were held between July and November 2022. Participants were also called to provide their views on the advice from the Expert Advisory Group on Online Safety, which concluded its meetings on June 10"--Executive Summary, page [3]. |
| 650 | 0|aOnline hate speech|xGovernment policy|zCanada|xPublic opinion. |
| 650 | 0|aPublic opinion|zCanada. |
| 710 | 1 |aCanada. |bCanadian Heritage, |eissuing body. |
| 775 | 08|tCe que nous avons entendu : |w(CaOODSP)9.918920 |
| 856 | 40|qPDF|s293 KB|uhttps://publications.gc.ca/collections/collection_2023/pch/CH4-204-2023-eng.pdf |
| 856 | 4 |qHTML|sN/A|uhttps://www.canada.ca/en/canadian-heritage/campaigns/harmful-online-content/what-we-heard/report.html |